[Event "DRUZYNOWE MISTRZOSTWA POLSKI - II LIGA 2018"]
[Site "Jastrzebia Gora"]
[Date "1899-12-30"]
[Round "1.106"]
[White "Sielicki, Tomasz"]
[Black "Kubica, Kamil"]
[Result "1-0"]
[WhiteTitle "I++"]
[BlackTitle "k"]
[WhiteElo "1963"]
[BlackElo "2153"]

1. d4 d5 2. c4 e6 3. Nc3 Nf6 4. Nf3 Be7 5. Bf4 O-O 6. Qc2 c6 7. e3 Nbd7 8. h4 Qa5
9. a3 dxc4 10. Bxc4 b5 11. Ba2 c5 12. dxc5 b4 13. axb4 Qxb4 14. c6 Nc5 15. O-O
Ba6 16. Rfd1 Rac8 17. Rd4 Qb6 18. Ne5 Rxc6 19. Nxc6 Qxc6 20. Rc1 Bb7 21. f3 Na6
22. Qa4 Qc8 23. Ne2 Qa8 24. b4 Nh5 25. Bd6 Bxd6 26. Rxd6 Bxf3 27. Qxa6 Bxg2 28.
Nd4 Qe4 29. Qe2 Bh3 30. Qf2 Qe5 31. Rdc6 Nf6 32. Rc8 Qh5 33. Qg3 1-0

[Event "DRUZYNOWE MISTRZOSTWA POLSKI - II LIGA 2018"]
[Site "Jastrzebia Gora"]
[Date "1899-12-30"]
[Round "1.107"]
[White "Rawski, Slawomir"]
[Black "Liberadzki, Slawomir"]
[Result "0-1"]
[WhiteTitle "FM"]
[BlackTitle "k"]
[WhiteElo "2126"]
[BlackElo "1955"]

1. d4 d5 2. Bg5 f6 3. Bh4 Nh6 4. e3 g6 5. c4 c6 6. Qb3 Nf5 7. Bg3 Nxg3 8. hxg3
Qb6 9. Qxb6 axb6 10. cxd5 cxd5 11. Nc3 e6 12. Bd3 Kf7 13. Nf3 Bd7 14. Ke2 Be7
15. a3 Bc6 16. e4 dxe4 17. Bxe4 Bxe4 18. Nxe4 Nc6 19. Rad1 Rad8 20. Rd3 h6 21.
Rhd1 f5 22. Ned2 Bf6 23. Nc4 b5 24. Nce5+ Bxe5 25. dxe5 Ke7 26. Nd4 Nxe5 27. Rb3
Nc6 28. Nxb5 Rxd1 29. Kxd1 Rd8+ 30. Ke1 Rd7 31. Nc3 Rc7 32. Rb6 Kd6 33. Nb5+ Kc5
34. Nxc7 Kxb6 35. Nxe6 Ne5 36. Kd2 Kc6 37. Nf4 g5 38. Nd3 Ng4 39. Kc3 Kd5 40.
a4 Nf6 41. f3 Nh5 42. b4 Nxg3 43. a5 f4 44. Nc5 Kc6 45. Kc4 Nf5 46. b5+ Kc7 47.
Ne6+ Kb8 48. Kc5 Ne3 49. Nd4 0-1

[Event "DRUZYNOWE MISTRZOSTWA POLSKI - II LIGA 2018"]
[Site "Jastrzebia Gora"]
[Date "1899-12-30"]
[Round "1.108"]
[White "Baranska, Monika"]
[Black "Mikulewicz, Joanna"]
[Result "0-1"]
[WhiteTitle "I++"]
[BlackTitle "FM"]
[WhiteElo "1734"]
[BlackElo "2031"]

1. d4 d5 2. c4 Nc6 3. Nc3 e6 4. Nf3 Nf6 5. Bg5 Be7 6. e3 O-O 7. Be2 h6 8. Bh4 b6
9. O-O Bb7 10. Rc1 dxc4 11. Bxc4 Na5 12. Be2 Rc8 13. a3 c5 14. dxc5 Qxd1 15. Rcxd1
bxc5 16. Ne5 Rfd8 17. h3 g5 18. Bg3 a6 19. Nc4 Nxc4 20. Bxc4 Nd5 21. Nxd5 exd5
22. Bd3 Bf6 23. b3 c4 24. bxc4 dxc4 25. Bc2 Bd5 26. Rb1 Be6 27. Rfd1 Kg7 28. f3
c3 29. Rxd8 Rxd8 30. Rd1 Rd2 31. Rxd2 cxd2 32. Bd6 a5 33. a4 Bc4 34. Kf2 Bc3 35.
Bc5 f5 36. g3 Kf6 37. Bd1 h5 38. Bb6 Ke5 39. Bd8 g4 40. hxg4 hxg4 41. fxg4 fxg4
42. Bb6 Bd5 43. Bc7+ Kf5 44. Ke2 Bf3+ 45. Kd3 Bb4 46. Kc2 Ke4 47. Bf4 Kd5 48.
Bg5 Kc4 49. Bh4 Be4+ 50. Kb2 Bc3+ 51. Ka3 Bf3 0-1

[Event "DRUZYNOWE MISTRZOSTWA POLSKI - II LIGA 2018"]
[Site "Jastrzebia Gora"]
[Date "1899-12-30"]
[Round "2.1"]
[White "Golubka, Petro"]
[Black "Lapaj, Mateusz"]
[Result "1-0"]
[WhiteTitle "IM"]
[BlackTitle "k+"]
[WhiteElo "2457"]
[BlackElo "2197"]

1. e4 c5 2. c3 e6 3. d4 d5 4. Bd3 Nc6 5. Nf3 dxe4 6. Bxe4 Nf6 7. Bd3 cxd4 8. cxd4
Be7 9. Nc3 O-O 10. O-O b6 11. Re1 Bb7 12. a3 Rc8 13. Be3 Nd5 14. Qb1 g6 15. Bh6
Re8 16. Nxd5 Qxd5 17. Be4 Qd7 18. Qa2 Na5 19. Ne5 Qd6 20. Bxb7 Nxb7 21. Rad1 Red8
22. d5 exd5 23. Bf4 Qf6 24. g3 Bf8 25. Ng4 Qf5 26. Ne3 Qh5 27. Nxd5 Qf3 28. b4
Rc6 29. Qd2 Re6 30. Rxe6 fxe6 31. Nf6+ Kf7 32. Nd7 Bd6 33. Qxd6 Nxd6 34. Ne5+
1-0

[Event "DRUZYNOWE MISTRZOSTWA POLSKI - II LIGA 2018"]
[Site "Jastrzebia Gora"]
[Date "1899-12-30"]
[Round "2.2"]
[White "Garbowski, Jakub"]
[Black "Barski, Radoslaw"]
[Result "0-1"]
[WhiteTitle "k"]
[BlackTitle "IM"]
[WhiteElo "2169"]
[BlackElo "2447"]

1. e4 c5 2. Nf3 Nc6 3. d4 cxd4 4. Nxd4 Qb6 5. Nb3 Nf6 6. Nc3 e6 7. Bd3 a6 8. O-O
Qc7 9. Qe2 Be7 10. f4 d6 11. Bd2 O-O 12. Rae1 Nd7 13. Nd5 exd5 14. exd5 Re8 15.
dxc6 bxc6 16. Bc3 Bb7 17. Qh5 g6 18. Qh3 Bf6 19. Bxf6 Nxf6 20. f5 Rxe1 21. Rxe1
c5 22. Qh4 Kg7 23. Qf4 a5 24. Nd2 Qc6 25. Bf1 d5 26. Nf3 Re8 27. Rxe8 Qxe8 28.
fxg6 hxg6 29. Qe5 Qxe5 30. Nxe5 Kf8 31. Bb5 Ke7 32. c4 d4 33. Kf1 Ke6 34. Nd3
Kd6 35. g3 Ng4 36. Be8 Nxh2+ 37. Ke2 Bf3+ 38. Kf2 Be4 39. Nc1 Ng4+ 40. Ke2 Ne5
41. Bb5 f5 42. a3 g5 43. b4 axb4 44. axb4 cxb4 45. Nb3 Bd3+ 46. Kd2 Bxc4 47. Bxc4
Nxc4+ 48. Kd3 Kd5 0-1

[Event "DRUZYNOWE MISTRZOSTWA POLSKI - II LIGA 2018"]
[Site "Jastrzebia Gora"]
[Date "1899-12-30"]
[Round "2.3"]
[White "Kyc, Jerzy"]
[Black "Gumula, Daniel"]
[Result "1-0"]
[WhiteTitle "k"]
[BlackTitle "FM"]
[WhiteElo "2313"]
[BlackElo "2218"]

1. e4 g6 2. d4 Bg7 3. Nc3 c6 4. Nf3 b5 5. a3 d6 6. Be3 a6 7. Qd2 Qc7 8. Be2 Nd7
9. h4 h5 10. Ng5 Ngf6 11. f4 Nb6 12. e5 Ng4 13. O-O Nc4 14. Bxc4 bxc4 15. Nge4
Rb8 16. Rab1 Bf5 17. Bf2 O-O 18. Qe2 Rb7 19. Ng3 Rfb8 20. Nxf5 gxf5 21. Qxc4 Rxb2
22. Rxb2 Rxb2 23. Nd5 Qa7 24. Qxc6 Nxf2 25. Qc8+ Bf8 26. Rxf2 Qxd4 27. Nxe7+ Kh7
28. Qxf5+ 1-0

[Event "DRUZYNOWE MISTRZOSTWA POLSKI - II LIGA 2018"]
[Site "Jastrzebia Gora"]
[Date "1899-12-30"]
[Round "2.4"]
[White "Kolosowski, Pawel"]
[Black "Marszalek, Maciej"]
[Result "1/2-1/2"]
[WhiteTitle "m"]
[BlackTitle "m"]
[WhiteElo "2208"]
[BlackElo "2272"]

1. e4 e5 2. Bc4 Nf6 3. d3 Bc5 4. Nf3 Nc6 5. O-O d6 6. c3 a6 7. Bb3 Ba7 8. Be3 O-O
9. Nbd2 h6 10. Re1 Re8 11. Nf1 Be6 12. Ng3 Bxe3 13. fxe3 d5 14. exd5 Bxd5 15.
Bxd5 Qxd5 16. e4 Qb5 17. Qe2 Rad8 18. Rad1 Rd7 19. Rd2 Nd8 20. d4 Qxe2 21. Rdxe2
exd4 22. cxd4 c6 23. h3 Ne6 24. Rd2 Nf4 25. Kh2 Rde7 26. e5 N6d5 27. Nf5 Rd7 28.
g3 Ne6 29. Red1 Red8 30. Nd6 Ne7 1/2-1/2

[Event "DRUZYNOWE MISTRZOSTWA POLSKI - II LIGA 2018"]
[Site "Jastrzebia Gora"]
[Date "1899-12-30"]
[Round "2.5"]
[White "Widla, Piotr"]
[Black "Stachanczyk, Jacek"]
[Result "1/2-1/2"]
[WhiteTitle "k"]
[BlackTitle "IM"]
[WhiteElo "2032"]
[BlackElo "2171"]

1. e4 c5 2. Nc3 Nc6 3. g3 g6 4. Bg2 Bg7 5. d3 d6 6. Be3 e5 7. Qd2 Be6 8. f4 Nge7
9. Nf3 Nd4 10. O-O O-O 11. fxe5 dxe5 12. Ng5 Bg4 13. h3 Bc8 14. Nf3 Qd6 15. Bh6
Nxf3+ 16. Rxf3 Be6 17. Bxg7 Kxg7 18. g4 Qd4+ 19. Kh2 Rad8 20. Raf1 a6 21. Qg5
Ng8 22. Nd5 h6 23. Qc1 Bxd5 24. c3 Qa4 25. exd5 f6 26. R3f2 Ne7 27. c4 Qd7 28.
Qe3 Qd6 29. Kg1 Rf7 30. Re1 g5 1/2-1/2

[Event "DRUZYNOWE MISTRZOSTWA POLSKI - II LIGA 2018"]
[Site "Jastrzebia Gora"]
[Date "1899-12-30"]
[Round "2.6"]
[White "Pluta, Natalia"]
[Black "Dziodzio, Angelika"]
[Result "0-1"]
[WhiteTitle "I++"]
[BlackTitle "WFM"]
[WhiteElo "1816"]
[BlackElo "2149"]

1. c4 e5 2. g3 Nc6 3. Bg2 g6 4. Nc3 Bg7 5. e3 d6 6. Nge2 Be6 7. d3 Qd7 8. h4 h6
9. Rb1 Nge7 10. Nd5 O-O 11. b4 Rae8 12. b5 Nd8 13. Qa4 Nc8 14. Ba3 c6 15. Ndc3
f5 16. bxc6 bxc6 17. O-O f4 18. exf4 exf4 19. Nxf4 Rxf4 20. gxf4 Bxc3 21. Bb2
Bxb2 22. Rxb2 Rf8 23. c5 dxc5 24. Qe4 Qf7 25. Rb8 Nb6 26. Re1 Bd5 27. Qe3 Bxg2
28. Kxg2 Nd5 29. Qg3 Nxf4+ 30. Kh1 Qd5+ 31. Re4 g5 32. hxg5 hxg5 33. Kh2 Nde6
34. Rb7 Rf7 35. Rb8+ Kg7 36. Re8 Kf6 37. Qf3 Qf5 38. Rh8 Rh7+ 39. Rxh7 Qxh7+ 40.
Kg1 Qd7 41. Qe3 Qd5 42. a4 Qb3 43. Kh2 Qd1 44. Qg3 Qh5+ 0-1

[Event "DRUZYNOWE MISTRZOSTWA POLSKI - II LIGA 2018"]
[Site "Jastrzebia Gora"]
[Date "1899-12-30"]
[Round "2.7"]
[White "Walter, Szymon"]
[Black "Zaskalski, Arkadiusz"]
[Result "1-0"]
[WhiteTitle "k+"]
[BlackTitle "k"]
[WhiteElo "2307"]
[BlackElo "2186"]

1. e4 c5 2. Nf3 d6 3. d4 cxd4 4. Nxd4 Nf6 5. Nc3 g6 6. Be3 Bg7 7. f3 Nc6 8. Qd2
O-O 9. Nb3 Be6 10. O-O-O Na5 11. Kb1 Nc4 12. Bxc4 Bxc4 13. Bh6 b5 14. h4 b4 15.
Nd5 Nxd5 16. exd5 Bxb3 17. axb3 Bxh6 18. Qxh6 f6 19. f4 Rf7 20. h5 gxh5 21. Qxh5
Rg7 22. Rd3 Qe8 23. Qf5 Qg6 24. Qe6+ Qf7 25. Qe4 a5 26. Re1 Rc8 27. g4 Rxg4 28.
Qf5 Rg7 1-0

[Event "DRUZYNOWE MISTRZOSTWA POLSKI - II LIGA 2018"]
[Site "Jastrzebia Gora"]
[Date "1899-12-30"]
[Round "2.8"]
[White "Jaskolka, Tomasz"]
[Black "Szostko, Jakub"]
[Result "1/2-1/2"]
[WhiteTitle "k+"]
[BlackTitle "FM"]
[WhiteElo "2177"]
[BlackElo "2299"]

1. d4 Nf6 2. c4 e6 3. Nf3 Bb4+ 4. Nbd2 d6 5. a3 Bxd2+ 6. Qxd2 Nbd7 7. g3 b6 8.
Bg2 Bb7 9. O-O a5 10. b3 O-O 11. Bb2 Qe7 12. Rfd1 h6 13. Qc2 Be4 14. Qc3 c6 15.
b4 Rfb8 16. Nd2 Bxg2 17. Kxg2 d5 18. e4 dxe4 19. Re1 axb4 20. axb4 Rxa1 21. Bxa1
b5 22. Nxe4 bxc4 23. Nxf6+ Nxf6 24. Qxc4 Qxb4 25. Qxb4 Rxb4 26. Rc1 Rb6 27. Bc3
Nd5 28. Bd2 Kf8 29. Kf3 Ke7 30. h4 h5 31. Ra1 Rb3+ 32. Be3 Kf6 33. Ra7 Rc3 34.
Ke2 Nxe3 35. fxe3 c5 36. dxc5 Rxc5 37. Kf3 Rc4 38. Rb7 Ra4 39. Rc7 Kg6 40. Re7
Kf6 41. Rb7 Rg4 42. Rb5 g5 43. hxg5+ Rxg5 44. Rb4 Rf5+ 45. Ke2 Kg5 46. Ra4 Rf6
47. Rb4 Rh6 48. Kf3 f5 49. e4 Rf6 50. exf5 Rxf5+ 51. Ke3 Ra5 52. Rh4 Ra3+ 53.
Kf2 e5 54. Re4 Ra5 55. Kf3 Rd5 56. Kf2 Kf6 57. Rh4 Kg6 58. Re4 Ra5 59. Kf3 Ra3+
60. Kf2 Ra2+ 61. Kf3 Kf6 62. g4 Ra3+ 63. Kf2 hxg4 64. Rxg4 Kf5 65. Rb4 e4 66.
Rb8 Ke5 67. Re8+ Kd4 68. Rd8+ Kc4 69. Rc8+ Kd3 70. Rd8+ Kc2 71. Re8 e3+ 72. Rxe3
Rxe3 73. Kxe3 1/2-1/2

[Event "DRUZYNOWE MISTRZOSTWA POLSKI - II LIGA 2018"]
[Site "Jastrzebia Gora"]
[Date "1899-12-30"]
[Round "2.9"]
[White "Dzierzak, Radoslaw"]
[Black "Markiewicz, Jerzy"]
[Result "0-1"]
[WhiteTitle "I++"]
[BlackTitle "FM"]
[WhiteElo "2282"]
[BlackElo "2170"]

1. e4 c5 2. Nf3 e6 3. d4 cxd4 4. Nxd4 Nc6 5. Nc3 Qc7 6. g3 a6 7. Bg2 Nf6 8. O-O
Nxd4 9. Qxd4 Bc5 10. Bf4 d6 11. Qd2 h6 12. Rad1 e5 13. Be3 O-O 14. Bxc5 dxc5 15.
Nd5 Nxd5 16. exd5 Qd6 17. f4 Bd7 18. fxe5 Qxe5 19. c4 b5 20. Rde1 Qd6 21. Qf4
Qxf4 22. Rxf4 Rfe8 23. Rxe8+ Rxe8 24. cxb5 axb5 25. Kf1 Kf8 26. a3 f6 27. Rf2
Ke7 28. Ke2 Kd6+ 29. Kd3 Re5 30. b4 Bf5+ 31. Kd2 c4 32. a4 bxa4 33. Kc3 Bd3 34.
Ra2 Re2 35. Rxe2 Bxe2 36. b5 Kc5 37. d6 Kxd6 38. b6 a3 39. Be4 Bd3 40. Bd5 f5
41. h4 g5 42. hxg5 hxg5 43. Bg2 Be2 44. Kc2 f4 45. gxf4 gxf4 46. Kb1 c3 0-1

[Event "DRUZYNOWE MISTRZOSTWA POLSKI - II LIGA 2018"]
[Site "Jastrzebia Gora"]
[Date "1899-12-30"]
[Round "2.10"]
[White "Augustyn, Sebastian"]
[Black "Zochowski, Kacper"]
[Result "1-0"]
[WhiteTitle "k"]
[BlackTitle "k"]
[WhiteElo "2173"]
[BlackElo "2269"]

1. d4 d6 2. e4 Nf6 3. Nc3 e5 4. f4 Nc6 5. Bb5 exd4 6. Qxd4 Be7 7. Nf3 O-O 8. Bxc6
bxc6 9. b3 Re8 10. O-O c5 11. Qd3 Bb7 12. Bb2 Qc8 13. Nd5 Bxd5 14. exd5 Nd7 15.
Ng5 Bxg5 16. fxg5 Ne5 17. Qg3 Qb7 18. Rad1 Re7 19. Qf4 Rf8 20. h4 Qa6 21. a3 Qe2
22. Rd2 Qh5 23. g3 f6 24. Rdf2 Ref7 25. Qe4 Qg4 26. Qe3 Nd7 27. gxf6 Nxf6 28.
Bxf6 Rxf6 29. Rxf6 Rxf6 30. Qe8+ 1-0

[Event "DRUZYNOWE MISTRZOSTWA POLSKI - II LIGA 2018"]
[Site "Jastrzebia Gora"]
[Date "1899-12-30"]
[Round "2.11"]
[White "Zaleski, Lukasz"]
[Black "Czarnecki, Wojciech"]
[Result "1-0"]
[WhiteTitle "k"]
[BlackTitle "k"]
[WhiteElo "2134"]
[BlackElo "1971"]

1. e4 c6 2. d4 d5 3. f3 dxe4 4. fxe4 e5 5. Nf3 exd4 6. Bc4 Be6 7. Bxe6 fxe6 8.
Qxd4 Na6 9. Qc4 Qd7 10. Ng5 e5 11. O-O Bc5+ 12. Kh1 Nf6 13. Nc3 b5 14. Qe2 O-O
15. Be3 h6 16. Nf3 Bxe3 17. Qxe3 Qe6 18. Ne2 Qc4 19. Nxe5 Qxc2 20. Nd4 Qxe4 21.
Qxe4 Nxe4 22. Nexc6 Nac5 23. Nxb5 a6 24. Nc7 Rxf1+ 25. Rxf1 Nd2 26. Rf5 Rf8 27.
Ne7+ 1-0

[Event "DRUZYNOWE MISTRZOSTWA POLSKI - II LIGA 2018"]
[Site "Jastrzebia Gora"]
[Date "1899-12-30"]
[Round "2.12"]
[White "Pedrak, Paulina"]
[Black "Binkowska, Agata"]
[Result "0-1"]
[WhiteTitle "I"]
[BlackTitle "I++"]
[WhiteElo "1416"]
[BlackElo "1890"]

1. e4 c5 2. Nf3 e6 3. d4 cxd4 4. Nxd4 a6 5. Bd3 Qc7 6. O-O Nf6 7. Kh1 Bc5 8. Nb3
Ba7 9. Nc3 h5 10. f4 b5 11. Qe2 Ng4 12. a4 b4 13. Nd1 Bb7 14. Ne3 Nf6 15. e5 Nd5
16. Nc4 Nc6 17. Nd6+ Ke7 18. Nxb7 Qxb7 19. Bxa6 Qb6 20. Qb5 Qc7 21. Rf3 g5 22.
Qf1 gxf4 23. Bxf4 Nxf4 24. Rxf4 Nxe5 25. Rc1 Be3 26. Rxb4 Ng4 0-1

[Event "DRUZYNOWE MISTRZOSTWA POLSKI - II LIGA 2018"]
[Site "Jastrzebia Gora"]
[Date "1899-12-30"]
[Round "2.13"]
[White "Goluch, Piotr"]
[Black "Barglowski, Filip"]
[Result "1/2-1/2"]
[WhiteTitle "FM"]
[BlackTitle "FM"]
[WhiteElo "2299"]
[BlackElo "2311"]

1. d4 d5 2. c4 e6 3. Nf3 Nf6 4. e3 a6 5. b3 c5 6. Be2 cxd4 7. exd4 Bb4+ 8. Bd2
Bxd2+ 9. Qxd2 Ne4 10. Qe3 Qa5+ 11. Nfd2 Nxd2 12. Nxd2 dxc4 13. bxc4 O-O 14. O-O
Rd8 15. Rfd1 Nd7 16. c5 Qc7 17. Ne4 b6 18. Bf3 Bb7 19. Rac1 Bxe4 20. Qxe4 Ra7
21. Qc6 g6 22. g3 Rc8 23. cxb6 Nxb6 24. Qxc7 Raxc7 25. Rxc7 Rxc7 26. Rb1 Nd5 27.
Rb8+ Kg7 28. Bxd5 exd5 29. Rd8 Rc2 30. Rxd5 Rxa2 1/2-1/2

[Event "DRUZYNOWE MISTRZOSTWA POLSKI - II LIGA 2018"]
[Site "Jastrzebia Gora"]
[Date "1899-12-30"]
[Round "2.14"]
[White "Chylewski, Patryk"]
[Black "Lukasiewicz, Krzysztof"]
[Result "1-0"]
[WhiteTitle "FM"]
[BlackTitle "k"]
[WhiteElo "2275"]
[BlackElo "2242"]

1. d4 Nf6 2. c4 e6 3. Nf3 b6 4. a3 Bb7 5. Nc3 d5 6. cxd5 Nxd5 7. Qc2 Nd7 8. e4
Nxc3 9. bxc3 c5 10. Bb5 a6 11. Bd3 Be7 12. O-O Qc7 13. Qe2 O-O 14. a4 Rfd8 15.
Be3 b5 16. Nd2 b4 17. Rfc1 bxc3 18. Rxc3 Qa5 19. Rc2 cxd4 20. Bxd4 Ne5 21. Nb3
Qb4 22. Bxe5 Qxb3 23. Rc3 Qb4 24. Qc2 Rac8 25. Bc7 Bf6 26. e5 Qg4 27. Bf1 Rxc7
28. Rxc7 Bxe5 29. Re1 Bxc7 30. Qxc7 Rf8 31. Qxb7 Qxa4 32. Bxa6 g6 33. Bf1 Qd4
34. Rc1 Kg7 35. Rc7 Qa1 36. Qe4 Qf6 37. g3 h5 38. Bc4 Kg8 39. Kg2 Rd8 40. Qf3
Kg7 41. h4 Rb8 42. Qxf6+ Kxf6 43. Kf3 Rb2 44. Bd3 Rb3 45. Ke4 Rb2 46. Ke3 Rb3
47. Rc4 Ra3 48. Kd4 Ra2 49. Rc2 Ra5 50. Bc4 Ra1 51. Rc3 Ra5 52. Rf3+ Ke7 53. Bb3
Rb5 54. Bc4 Ra5 55. Bb3 Rb5 56. Rc3 Kf6 57. Bc2 Ra5 58. Ke3 Ra7 59. Kf4 Rb7 60.
Rc4 Ra7 61. Rc5 Rb7 62. f3 Rb4+ 63. Be4 Kg7 64. Rc7 Kf6 65. g4 hxg4 66. fxg4 Rb3
67. g5+ Kg7 68. h5 gxh5 69. g6 h4 70. Rxf7+ Kg8 71. Rh7 h3 72. Ke5 Re3 73. Rh4
Kg7 74. Kxe6 h2 75. Rh7+ Kg8 76. Kf5 Rg3 77. Rxh2 Rg1 78. Kf6 Rf1+ 79. Bf5 Rf3
80. Ra2 1-0

[Event "DRUZYNOWE MISTRZOSTWA POLSKI - II LIGA 2018"]
[Site "Jastrzebia Gora"]
[Date "1899-12-30"]
[Round "2.15"]
[White "Lukasiewicz, Grzegorz"]
[Black "Kokoszczynski, Jan"]
[Result "1/2-1/2"]
[WhiteTitle "IM"]
[BlackTitle "k"]
[WhiteElo "2171"]
[BlackElo "2246"]

1. Nf3 Nf6 2. g3 g6 3. Bg2 Bg7 4. O-O O-O 5. c4 d6 6. Nc3 Nc6 7. d3 e5 8. Rb1 Nh5
9. e4 f5 10. exf5 Bxf5 11. Ng5 Nf6 12. Be3 Qd7 13. b4 h6 14. Nge4 Bh3 15. Nxf6+
Rxf6 16. Ne4 Rf7 17. b5 Ne7 18. a4 Kh7 19. a5 Bxg2 20. Kxg2 Nf5 21. Qe2 Qe7 22.
h3 c6 23. bxc6 bxc6 24. a6 d5 25. Rb7 Qe8 26. Nc5 Nd6 27. Rxf7 Qxf7 28. cxd5 cxd5
29. Rb1 Rc8 30. Nb7 Nf5 31. Qa2 Nxe3+ 32. fxe3 e4 33. Rf1 Qe6 34. d4 Rc3 35. Nc5
Qc6 36. Qf2 Rxc5 37. dxc5 Qxc5 38. Qe2 h5 39. Rf7 Kh6 40. h4 Be5 41. Rd7 Bg7 42.
Qf2 Qb5 43. Qf4+ Kh7 44. Rxa7 d4 45. exd4 Qe2+ 46. Qf2 Qd3 47. Re7 Qxa6 48. Rxe4
Qc6 49. Qf3 Qd6 50. Qe3 Qd5 51. Kh2 Qa2+ 52. Kh3 Qd5 53. Kh2 Qa2+ 54. Kg1 Qa1+
55. Kf2 Qa2+ 56. Kf3 Qd5 57. Qg5 Qb3+ 58. Qe3 Qd5 59. Qg5 Qb3+ 60. Qe3 1/2-1/2

[Event "DRUZYNOWE MISTRZOSTWA POLSKI - II LIGA 2018"]
[Site "Jastrzebia Gora"]
[Date "1899-12-30"]
[Round "2.16"]
[White "Sanz Wawer, Daniel"]
[Black "Jankowiak, Tomasz"]
[Result "1-0"]
[WhiteTitle "k"]
[BlackTitle "k"]
[WhiteElo "2166"]
[BlackElo "2107"]

1. d4 d5 2. c4 c6 3. e3 Nf6 4. Nf3 e6 5. Nbd2 Be7 6. Bd3 O-O 7. O-O b6 8. e4 dxe4
9. Nxe4 Nbd7 10. Bf4 Nxe4 11. Bxe4 Bb7 12. Ne5 Nxe5 13. Bxe5 Qd7 14. Qc2 f5 15.
Bf3 c5 16. Bxb7 Qxb7 17. Rfe1 Rad8 18. Rad1 Qc6 19. d5 exd5 20. Bxg7 Rf7 21. cxd5
Rxd5 22. Bc3 Bf6 23. Rxd5 Qxd5 24. Re8+ Kg7 25. Qc1 h6 26. Qf4 Qd1+ 27. Re1 Qg4
28. Bxf6+ Rxf6 29. Re7+ Rf7 30. Qe5+ Kg6 31. Qe6+ Rf6 32. Qd7 Qc4 33. Rg7+ Kh5
34. Qd1+ Kh4 35. g3+ Kh3 36. Qh5+ 1-0

[Event "DRUZYNOWE MISTRZOSTWA POLSKI - II LIGA 2018"]
[Site "Jastrzebia Gora"]
[Date "1899-12-30"]
[Round "2.17"]
[White "Lukasiewicz, Anna"]
[Black "Rozycki, Bartlomiej"]
[Result "0-1"]
[WhiteTitle "m"]
[BlackTitle "k++"]
[WhiteElo "2094"]
[BlackElo "2145"]

1. e4 c6 2. d4 d5 3. exd5 cxd5 4. Bd3 Nc6 5. c3 Qc7 6. Ne2 Bg4 7. O-O Nf6 8. Qe1
Bxe2 9. Qxe2 e6 10. Bg5 Bd6 11. g3 h6 12. Bxf6 gxf6 13. Nd2 O-O-O 14. b4 h5 15.
b5 Na5 16. c4 dxc4 17. Bxc4 Kb8 18. Rac1 Ba3 19. Rc2 Rxd4 20. Bd3 Qd7 21. Be4
Rd8 22. Nb1 Bb4 23. Bg2 h4 24. Qf3 f5 25. a3 Be7 26. Qc3 Nc4 27. Qb3 Na5 28. Qb2
f4 29. Qc3 Nc4 30. Qb3 Nb6 31. gxf4 Rd1 32. Rc1 Rxf1+ 33. Rxf1 Qd3 34. Qxd3 Rxd3
35. Re1 Rb3 36. Bf1 Rf3 37. Re3 Rxf4 38. Nd2 Bc5 39. Rf3 Rg4+ 40. Kh1 f5 41. h3
Ra4 42. Nb3 Bd6 43. Rd3 Kc7 44. Nd4 Kd7 45. Nc2 Ke7 46. Bg2 Rc4 47. Ne3 Rc1+ 48.
Rd1 Rc3 49. Re1 Kf7 50. Bxb7 Bc5 51. Kg2 Bxe3 52. Rxe3 Rxe3 53. fxe3 Nc4 54. a4
Nxe3+ 55. Kf3 Nc4 56. Kf4 Kf6 57. Bg2 e5+ 58. Kf3 e4+ 59. Kf2 Ke5 60. Bf1 Kd4
61. Be2 f4 62. Bg4 Ne5 63. a5 Kc5 64. b6 axb6 65. a6 Kc6 66. Bf5 e3+ 67. Ke2 b5
0-1

[Event "DRUZYNOWE MISTRZOSTWA POLSKI - II LIGA 2018"]
[Site "Jastrzebia Gora"]
[Date "1899-12-30"]
[Round "2.18"]
[White "Marcinczyk, Monika"]
[Black "Czarniecka, Aleksandra"]
[Result "0-1"]
[WhiteTitle "WCM"]
[BlackTitle "k"]
[WhiteElo "1865"]
[BlackElo "1822"]

1. d4 Nf6 2. c4 g6 3. Nc3 Bg7 4. e4 d6 5. Nf3 O-O 6. Be2 e5 7. O-O Nc6 8. dxe5
Nxe5 9. Nxe5 dxe5 10. Be3 c6 11. b4 Qc7 12. a4 Rd8 13. Qc2 Ng4 14. Bg5 f6 15.
Bh4 Be6 16. h3 Nh6 17. Rfd1 Rd4 18. a5 Rad8 19. Na4 Qf7 20. Nc5 Bf8 21. Nxe6 Qxe6
22. Rxd4 Rxd4 23. b5 Bc5 24. Kf1 Nf7 25. f3 Rd8 26. Rd1 Bd4 27. Qa4 c5 28. Qa3
Kg7 29. Bf2 Bxf2 30. Rxd8 Nxd8 31. Kxf2 Qd6 32. a6 bxa6 33. Qxa6 Qxa6 34. bxa6
Nc6 35. Ke3 Nb4 36. f4 Nxa6 37. fxe5 fxe5 38. Kd3 Kf6 39. Kc3 Ke7 40. Kb3 Kd6
41. Ka4 Nc7 42. Ka5 Kc6 43. Bd1 h5 44. h4 Kd6 45. g4 hxg4 46. Bxg4 Kc6 47. h5
gxh5 48. Bxh5 Kd6 49. Bf7 Ke7 50. Bg8 Kf6 51. Bd5 Kg5 52. Ka4 Kf4 53. Bc6 Ke3
54. Bd5 Kd4 55. Kb3 Ne8 56. Ka4 Nd6 57. Ka5 Nxc4+ 58. Kb5 Nd6+ 0-1

[Event "DRUZYNOWE MISTRZOSTWA POLSKI - II LIGA 2018"]
[Site "Jastrzebia Gora"]
[Date "1899-12-30"]
[Round "2.19"]
[White "Rudolf, Michal"]
[Black "Cichocki, Adam"]
[Result "1-0"]
[WhiteTitle "FM"]
[BlackTitle "FM"]
[WhiteElo "2352"]
[BlackElo "2305"]

1. d4 d5 2. c4 c6 3. Nf3 Nf6 4. e3 g6 5. Nc3 Bg7 6. b4 O-O 7. Qb3 Bf5 8. Be2 Ne4
9. Nxe4 Bxe4 10. O-O dxc4 11. Qxc4 Nd7 12. Bb2 Bxf3 13. Bxf3 e5 14. Rfd1 Qe7 15.
b5 exd4 16. Bxd4 cxb5 17. Qc7 Rad8 18. Bxg7 Kxg7 19. Rd5 1-0

[Event "DRUZYNOWE MISTRZOSTWA POLSKI - II LIGA 2018"]
[Site "Jastrzebia Gora"]
[Date "1899-12-30"]
[Round "2.20"]
[White "Helis, Tadeusz"]
[Black "Markowski, Damian"]
[Result "0-1"]
[WhiteTitle "FM"]
[BlackTitle "FM"]
[WhiteElo "2182"]
[BlackElo "2274"]

1. c4 c5 2. Nc3 Nf6 3. Nf3 d5 4. cxd5 Nxd5 5. Qa4+ Bd7 6. Qb3 Nb6 7. Ne5 e6 8.
g3 Nc6 9. Nxd7 Qxd7 10. Bg2 Be7 11. O-O Nd4 12. Qd1 O-O 13. b3 a5 14. Rb1 Rfd8
15. d3 Nd5 16. Bd2 Ra6 17. Re1 Nxc3 18. Bxc3 b5 19. Qd2 b4 20. Ba1 a4 21. e3 Nb5
22. Rbc1 axb3 23. axb3 Qa7 24. Qe2 Ra2 25. Qg4 Bf8 26. Qc4 Na3 27. Qh4 Qa5 28.
d4 c4 29. bxc4 b3 30. Bc3 Qc7 31. Be4 h6 32. Bd3 b2 33. Rcd1 Nxc4 34. Bxc4 g5
35. Qe4 Qxc4 36. Qd3 Qb3 37. Qb1 Rc8 0-1

[Event "DRUZYNOWE MISTRZOSTWA POLSKI - II LIGA 2018"]
[Site "Jastrzebia Gora"]
[Date "1899-12-30"]
[Round "2.21"]
[White "Chalupnik, Marcin"]
[Black "Walkusz, Witoslaw"]
[Result "1/2-1/2"]
[WhiteTitle "k++"]
[BlackTitle "FM"]
[WhiteElo "2188"]
[BlackElo "2128"]

1. e4 e5 2. Nf3 Nc6 3. Bb5 a6 4. Ba4 Nf6 5. d3 b5 6. Bb3 Be7 7. O-O d6 8. c3 O-O
9. Re1 Na5 10. Bc2 c5 11. Nbd2 Nc6 12. Nf1 h6 13. Ng3 Re8 14. a4 b4 15. h3 bxc3
16. bxc3 Bf8 17. d4 Qc7 18. d5 Na5 19. Nd2 Bd7 20. Qe2 Reb8 21. Ba3 Bc8 22. Ngf1
Nd7 23. Ne3 Nb6 24. Reb1 Bd7 25. Bc1 c4 26. Rb4 Rc8 27. Rab1 Nb3 28. a5 Na4 29.
Rxc4 Nxc1 30. Rxc1 Nxc3 31. Qd3 Bb5 32. Rxc7 Bxd3 33. Rxc8 Ne2+ 34. Kf1 Nxc1+
35. Bxd3 Rxc8 36. Bc4 Rc5 37. Ke1 Rxa5 38. Kd1 Na2 39. Kc2 g6 40. Kb2 Nb4 41.
Kc3 Ra4 42. Bb3 Na2+ 43. Kc2 Ra5 44. Bc4 Rc5 45. Kb3 Nc1+ 46. Kb2 Rxc4 47. Nexc4
Nd3+ 48. Kc3 Nxf2 49. Kb4 f5 50. exf5 gxf5 51. Ka5 Nd3 52. Kxa6 Nb4+ 53. Kb5 Nxd5
54. Kc6 Nf4 55. Nxd6 Bxd6 56. Kxd6 e4 57. g3 e3 58. Nf3 Nd3 59. Ke6 e2 60. Kxf5
Kg7 61. g4 e1=Q 62. Nxe1 Nxe1 63. g5 h5 64. g6 Ng2 65. Kg5 h4 66. Kg4 Kxg6 67.
Kf3 Ne1+ 68. Kg4 Ng2 69. Kf3 Kf5 70. Kxg2 Ke4 71. Kf2 Kf4 72. Kg2 Ke3 73. Kg1
Kf3 74. Kh1 Kg3 1/2-1/2

[Event "DRUZYNOWE MISTRZOSTWA POLSKI - II LIGA 2018"]
[Site "Jastrzebia Gora"]
[Date "1899-12-30"]
[Round "2.22"]
[White "Kubica, Kamil"]
[Black "Warszawski, Bartosz"]
[Result "0-1"]
[WhiteTitle "k"]
[BlackTitle "m"]
[WhiteElo "2153"]
[BlackElo "2165"]

1. d4 Nf6 2. c4 e6 3. Nf3 Bb4+ 4. Bd2 Qe7 5. Nc3 Bxc3 6. Bxc3 Ne4 7. Qc2 Nxc3 8.
Qxc3 d6 9. g3 O-O 10. Bg2 Nd7 11. O-O e5 12. dxe5 dxe5 13. Rfd1 e4 14. Nd4 Nf6
15. Rac1 c5 16. Nc2 Bg4 17. Rd2 Rfd8 18. Rcd1 Bxe2 19. Rxd8+ Rxd8 20. Re1 Rd1
21. Rxd1 Bxd1 22. Ne3 Bf3 23. Nf5 Qd7 24. Qe5 b6 25. Bf1 Kf8 26. h3 Ne8 27. Nh4
Qd6 28. Nxf3 exf3 29. Qe4 Qd4 30. Qxd4 cxd4 31. Bd3 Ke7 32. b3 Kd6 33. Be4 Ke5
34. Bxf3 d3 35. Kf1 Kd4 36. Ke1 Kc3 37. Kd1 Nc7 38. Bd5 f6 39. Bg8 h6 40. b4 Na6
41. a3 Kb2 42. Kd2 Kxa3 43. b5 Nc5 44. Bh7 Kb4 45. Bxd3 Nb7 46. Ke3 Kc3 47. Be2
Nd6 48. Kf4 Nxc4 49. Kf5 Kb4 50. Kg6 Nd6 51. Kxg7 Nxb5 52. Kxf6 a5 53. Bd1 Nc3
54. Bc2 a4 55. Bxa4 Kxa4 56. Ke5 b5 57. f4 b4 58. f5 Ne4 59. Kxe4 b3 60. f6 b2
61. f7 b1=Q+ 62. Ke5 Qb8+ 63. Ke6 Qd8 64. g4 Kb5 65. h4 Kc6 66. g5 hxg5 67. hxg5
Qd6+ 68. Kf5 Kd7 69. g6 Ke7 70. Kg5 Kf8 71. Kh6 Qe5 72. Kh7 Qh2# 0-1